000 00464nam a22001697a 4500
003 NUST - PNEC
005 20170116181108.0
008 151003b xxu||||| |||| 00| 0 eng d
020 _a0672465833
040 _cLIBRARY
082 _a004.6 MAD
100 _912712
_aMadron, Thomas William
245 _aMicro-mainframe connection
_cThomas William Madron
260 _cc.1987
650 _912713
_aLocal area networks (Computer networks)
_xMIS
942 _2ddc
_cBK
999 _c68989
_d68989